00520 a2200157 4500001001000000005001700010008004100027245009700068100002000165700002100185700002400206700002300230700002200253773007000275999001700345ART_4809720260410161607.0260409a 10aAvances en el proyecto de principios de exposición o revelación desarrollado por el IASB1 aBertoldi, Norma1 aPriotto, Hugo C.1 aQuadro, Martín E.1 aVeteri, Liliana J.1 aWerbin, Eliana M.0 tProfesional & Empresariag- Año XIX, Nº 231 (dic. 2018)wREV70 c10252d10252